[Event "U14 Polish Youth Championship"]
[Site "chess24.com"]
[Date "2018.05.01"]
[Round "4"]
[White "Koziorowicz, Michal"]
[Black "Majewski, Krzysztof"]
[Result "1/2-1/2"]
[Board "9"]
[WhiteElo "1860"]
[WhiteCountry "POL"]
[WhiteFideId "21809194"]
[WhiteEloChange "-7"]
[BlackElo "1555"]
[BlackCountry "POL"]
[BlackFideId "21800456"]
[BlackEloChange "7"]

1. e4 {[%clk 1:30:59]} e6 {[%clk 1:30:54]} 2. d3 {[%clk 1:31:23]} d5 {[%clk
1:31:19]} 3. Nd2 {[%clk 1:31:46]} c5 {[%clk 1:31:45]} 4. Ngf3 {[%clk 1:32:08]}
Nc6 {[%clk 1:32:08]} 5. g3 {[%clk 1:32:32]} d4 {[%clk 1:32:26]} 6. Bg2 {[%clk
1:32:54]} Nge7 {[%clk 1:32:21]} 7. O-O {[%clk 1:33:13]} g6 {[%clk 1:32:50]} 8. a4
{[%clk 1:27:36]} Bg7 {[%clk 1:32:56]} 9. Nc4 {[%clk 1:27:17]} e5 {[%clk 1:32:32]}
10. Nh4 {[%clk 1:26:14]} O-O {[%clk 1:32:44]} 11. f4 {[%clk 1:25:55]} f5 {[%clk
1:32:14]} 12. Qe2 {[%clk 1:17:17]} Qc7 {[%clk 1:29:48]} 13. fxe5 {[%clk 1:16:05]}
fxe4 {[%clk 1:28:42]} 14. Rxf8+ {[%clk 1:15:00]} Kxf8 {[%clk 1:27:38]} 15. Bxe4
{[%clk 1:10:26]} Be6 {[%clk 1:26:39]} 16. Bf4 {[%clk 0:57:21]} Kg8 {[%clk
1:23:29]} 17. Nf3 {[%clk 0:53:17]} h6 {[%clk 1:23:30]} 18. h4 {[%clk 0:52:08]} a6
{[%clk 1:21:15]} 19. Qd2 {[%clk 0:43:10]} Bxc4 {[%clk 1:19:51]} 20. dxc4 {[%clk
0:43:38]} Nxe5 {[%clk 1:19:20]} 21. Re1 {[%clk 0:41:47]} Nxf3+ {[%clk 1:18:58]}
22. Bxf3 {[%clk 0:42:16]} Qd7 {[%clk 1:19:04]} 23. Bxh6 {[%clk 0:40:55]} Rf8
{[%clk 1:17:51]} 24. Bg2 {[%clk 0:37:08]} Nf5 {[%clk 1:16:25]} 25. Bd5+ {[%clk
0:36:52]} Kh8 {[%clk 1:16:46]} 26. Be6 {[%clk 0:31:25]} Qxa4 {[%clk 1:06:50]} 27.
Bxf5 {[%clk 0:30:23]} Rxf5 {[%clk 1:07:11]} 28. b3 {[%clk 0:23:08]} Qd7 {[%clk
1:06:54]} 29. Bf4 {[%clk 0:23:05]} Rf8 {[%clk 1:06:17]} 30. Be5 {[%clk 0:17:55]}
Kh7 {[%clk 1:05:15]} 31. Bxg7 {[%clk 0:17:35]} Kxg7 {[%clk 1:05:16]} 32. Qg5
{[%clk 0:17:02]} Qf5 {[%clk 1:04:36]} 33. Re7+ {[%clk 0:17:31]} Rf7 {[%clk
1:04:58]} 34. Qxf5 {[%clk 0:17:27]} gxf5 {[%clk 1:05:23]} 35. Re5 {[%clk
0:14:32]} b6 {[%clk 1:05:47]} 36. Kf2 {[%clk 0:14:37]} Kf6 {[%clk 1:05:37]} 37.
Re8 {[%clk 0:13:03]} Re7 {[%clk 1:03:11]} 38. Ra8 {[%clk 0:13:25]} a5 {[%clk
1:03:36]} 39. Rf8+ {[%clk 0:13:48]} Kg6 {[%clk 1:02:59]} 40. Rg8+ {[%clk
0:11:30]} Kf7 {[%clk 1:02:30]} 41. Rg5 {[%clk 0:11:48]} Kf6 {[%clk 1:02:54]} 42.
g4 {[%clk 0:11:11]} fxg4 {[%clk 1:03:11]} 43. Rxg4 {[%clk 0:11:35]} Kf5 {[%clk
1:03:32]} 44. Rg5+ {[%clk 0:11:16]} Kf4 {[%clk 1:03:31]} 45. Rg6 {[%clk 0:11:41]}
Rh7 {[%clk 1:03:47]} 46. Rxb6 {[%clk 0:11:23]} Rxh4 {[%clk 1:04:09]} 47. Ke2
{[%clk 0:11:47]} Rh2+ {[%clk 1:04:10]} 48. Kd1 {[%clk 0:12:17]} d3 {[%clk
1:02:28]} 49. cxd3 {[%clk 0:11:13]} Ke5 {[%clk 1:02:28]} 1/2-1/2

[Event "U14 Polish Youth Championship"]
[Site "chess24.com"]
[Date "2018.05.01"]
[Round "4"]
[White "Kacprzak, Kacper"]
[Black "Turski, Bartlomiej"]
[Result "0-1"]
[Board "10"]
[WhiteElo "1668"]
[WhiteCountry "POL"]
[WhiteFideId "21819319"]
[WhiteEloChange "-6"]
[BlackElo "1830"]
[BlackCountry "POL"]
[BlackFideId "21810567"]
[BlackEloChange "6"]

1. e4 {[%clk 1:30:43]} c5 {[%clk 1:30:57]} 2. Nf3 {[%clk 1:30:44]} d6 {[%clk
1:31:18]} 3. d4 {[%clk 1:30:59]} cxd4 {[%clk 1:31:28]} 4. Nxd4 {[%clk 1:31:13]}
Nf6 {[%clk 1:31:38]} 5. Nc3 {[%clk 1:31:15]} Nc6 {[%clk 1:31:57]} 6. Be2 {[%clk
1:31:40]} e5 {[%clk 1:32:03]} 7. Nb3 {[%clk 1:26:10]} Be7 {[%clk 1:32:03]} 8. Be3
{[%clk 1:25:52]} O-O {[%clk 1:32:04]} 9. O-O {[%clk 1:25:14]} Be6 {[%clk
1:31:55]} 10. f3 {[%clk 1:22:12]} a5 {[%clk 1:31:16]} 11. Nd5 {[%clk 1:19:49]}
Bxd5 {[%clk 1:30:04]} 12. exd5 {[%clk 1:20:09]} Nb4 {[%clk 1:30:05]} 13. c4
{[%clk 1:20:27]} Na6 {[%clk 1:26:12]} 14. Qd2 {[%clk 1:10:30]} b6 {[%clk
1:25:16]} 15. Rfd1 {[%clk 1:05:52]} Nd7 {[%clk 1:24:59]} 16. a4 {[%clk 1:02:57]}
f5 {[%clk 1:23:42]} 17. f4 {[%clk 0:45:22]} exf4 {[%clk 1:18:38]} 18. Bxf4 {[%clk
0:45:17]} g5 {[%clk 1:17:50]} 19. Be3 {[%clk 0:45:22]} f4 {[%clk 1:17:56]} 20.
Bf2 {[%clk 0:45:46]} Ne5 {[%clk 1:17:04]} 21. Nd4 {[%clk 0:45:47]} Nc5 {[%clk
1:15:47]} 22. Nc6 {[%clk 0:44:50]} Qd7 {[%clk 1:10:23]} 23. Bxc5 {[%clk 0:42:46]}
bxc5 {[%clk 1:08:05]} 24. Nxe5 {[%clk 0:42:33]} dxe5 {[%clk 1:08:25]} 25. d6
{[%clk 0:42:51]} Bf6 {[%clk 1:07:37]} 26. Qd5+ {[%clk 0:42:16]} Kh8 {[%clk
1:07:16]} 27. Qxc5 {[%clk 0:34:37]} Rab8 {[%clk 0:56:29]} 28. h3 {[%clk 0:34:37]}
Rxb2 {[%clk 0:54:03]} 29. Bg4 {[%clk 0:21:48]} Qb7 {[%clk 0:53:52]} 30. Qd5
{[%clk 0:12:04]} Qxd5 {[%clk 0:52:55]} 31. Rxd5 {[%clk 0:12:32]} Rc2 {[%clk
0:52:21]} 32. c5 {[%clk 0:08:16]} e4 {[%clk 0:52:33]} 33. Rad1 {[%clk 0:08:36]}
e3 {[%clk 0:51:27]} 34. d7 {[%clk 0:07:56]} Bd8 {[%clk 0:47:22]} 35. Bf3 {[%clk
0:07:17]} Rc4 {[%clk 0:44:00]} 36. R1d4 {[%clk 0:07:10]} Rxd4 {[%clk 0:39:47]}
37. Rxd4 {[%clk 0:07:38]} Kg7 {[%clk 0:40:01]} 38. Kf1 {[%clk 0:07:44]} Rf5
{[%clk 0:39:04]} 39. Rd5 {[%clk 0:04:41]} Kf6 {[%clk 0:36:59]} 40. Rxf5+ {[%clk
0:02:26]} Kxf5 {[%clk 0:37:27]} 41. Ke2 {[%clk 0:02:49]} Ke5 {[%clk 0:37:34]} 42.
Kd3 {[%clk 0:03:11]} Ke6 {[%clk 0:36:39]} 43. Bc6 {[%clk 0:02:22]} h5 {[%clk
0:36:22]} 44. Bf3 {[%clk 0:02:31]} h4 {[%clk 0:35:42]} 45. Bc6 {[%clk 0:02:48]}
Bc7 {[%clk 0:35:54]} 46. Kc3 {[%clk 0:01:53]} Ke7 {[%clk 0:35:48]} 47. Bb5 {[%clk
0:02:03]} Ke6 {[%clk 0:35:52]} 48. Bc6 {[%clk 0:02:29]} Ke7 {[%clk 0:35:48]} 49.
Bb5 {[%clk 0:02:53]} g4 {[%clk 0:34:29]} 50. Kd3 {[%clk 0:00:37]} f3 {[%clk
0:33:43]} 51. Bc6 {[%clk 0:00:50]} e2 {[%clk 0:33:20]} 52. Kd2 {[%clk 0:00:31]}
Bg3 {[%clk 0:33:20]} 53. Kc3 {[%clk 0:00:31]} Bc7 {[%clk 0:33:20]} 54. hxg4
{[%clk 0:00:31]} 0-1

[Event "U14 Polish Youth Championship"]
[Site "chess24.com"]
[Date "2018.05.01"]
[Round "4"]
[White "Skurniak, Szymon"]
[Black "Majdanski, Maksymilian"]
[Result "1-0"]
[Board "11"]
[WhiteElo "1821"]
[WhiteCountry "POL"]
[WhiteFideId "21805571"]
[WhiteEloChange "5"]
[BlackElo "1626"]
[BlackCountry "POL"]
[BlackFideId "21820570"]
[BlackEloChange "-5"]

1. e4 {[%clk 1:30:53]} e5 {[%clk 1:30:48]} 2. Nf3 {[%clk 1:31:17]} Nc6 {[%clk
1:31:12]} 3. Bc4 {[%clk 1:31:10]} Bc5 {[%clk 1:29:34]} 4. O-O {[%clk 1:31:33]}
Nf6 {[%clk 1:24:13]} 5. d3 {[%clk 1:31:48]} d6 {[%clk 1:23:38]} 6. c3 {[%clk
1:32:24]} Bg4 {[%clk 1:14:46]} 7. Nbd2 {[%clk 1:31:52]} Qd7 {[%clk 1:08:12]} 8.
a4 {[%clk 1:28:45]} a5 {[%clk 1:03:02]} 9. Re1 {[%clk 1:11:16]} O-O-O {[%clk
0:52:24]} 10. Qb3 {[%clk 0:53:07]} Rdf8 {[%clk 0:43:38]} 11. Bb5 {[%clk 0:53:17]}
Bxf3 {[%clk 0:38:13]} 12. Nxf3 {[%clk 0:53:17]} Ng4 {[%clk 0:38:13]} 13. d4
{[%clk 0:52:20]} exd4 {[%clk 0:37:44]} 14. cxd4 {[%clk 0:51:04]} Bb4 {[%clk
0:37:34]} 15. Re2 {[%clk 0:29:59]} Qe7 {[%clk 0:28:30]} 16. Bxc6 {[%clk 0:27:56]}
bxc6 {[%clk 0:28:35]} 17. Qc4 {[%clk 0:27:24]} Kd7 {[%clk 0:20:21]} 18. Bf4
{[%clk 0:24:26]} Rb8 {[%clk 0:16:06]} 19. h3 {[%clk 0:16:29]} Nf6 {[%clk
0:13:34]} 20. e5 {[%clk 0:14:09]} Rhe8 {[%clk 0:12:48]} 21. Rc1 {[%clk 0:11:32]}
c5 {[%clk 0:09:43]} 22. Rcc2 {[%clk 0:10:24]} Nh5 {[%clk 0:07:27]} 23. exd6
{[%clk 0:09:28]} Qf6 {[%clk 0:06:36]} 24. Ne5+ {[%clk 0:08:25]} 1-0

[Event "U14 Polish Youth Championship"]
[Site "chess24.com"]
[Date "2018.05.01"]
[Round "4"]
[White "Ochedzan, Tymon"]
[Black "Iwaszkiewicz, Krzysztof"]
[Result "1-0"]
[Board "12"]
[WhiteElo "2047"]
[WhiteTitle "CM"]
[WhiteCountry "POL"]
[WhiteFideId "21810389"]
[WhiteEloChange "2"]
[BlackElo "1530"]
[BlackCountry "POL"]
[BlackFideId "21810222"]
[BlackEloChange "-2"]

1. e4 {[%clk 1:30:58]} c5 {[%clk 1:30:57]} 2. Nf3 {[%clk 1:31:24]} Nc6 {[%clk
1:31:23]} 3. d4 {[%clk 1:31:49]} cxd4 {[%clk 1:31:51]} 4. Nxd4 {[%clk 1:32:13]}
g6 {[%clk 1:32:17]} 5. c4 {[%clk 1:32:27]} Nf6 {[%clk 1:32:43]} 6. Nc3 {[%clk
1:30:04]} d6 {[%clk 1:33:05]} 7. Be2 {[%clk 1:29:01]} Nxd4 {[%clk 1:33:25]} 8.
Qxd4 {[%clk 1:29:03]} Bg7 {[%clk 1:33:50]} 9. Bg5 {[%clk 1:21:32]} O-O {[%clk
1:34:01]} 10. Qd2 {[%clk 1:19:27]} Be6 {[%clk 1:32:56]} 11. Rc1 {[%clk 1:14:11]}
a6 {[%clk 1:31:47]} 12. b3 {[%clk 1:12:36]} Qa5 {[%clk 1:30:57]} 13. O-O {[%clk
1:07:02]} Rfc8 {[%clk 1:29:57]} 14. f4 {[%clk 0:50:20]} b5 {[%clk 1:23:23]} 15.
f5 {[%clk 0:46:10]} Bd7 {[%clk 1:21:21]} 16. e5 {[%clk 0:39:23]} b4 {[%clk
1:01:41]} 17. exf6 {[%clk 0:32:51]} bxc3 {[%clk 1:02:03]} 18. Qxc3 {[%clk
0:30:45]} Qxc3 {[%clk 1:02:28]} 19. Rxc3 {[%clk 0:31:13]} exf6 {[%clk 1:01:21]}
20. Bf4 {[%clk 0:30:34]} Bxf5 {[%clk 0:58:52]} 21. Bxd6 {[%clk 0:30:16]} Be4
{[%clk 0:57:15]} 22. Bf3 {[%clk 0:25:29]} f5 {[%clk 0:54:43]} 23. Rcc1 {[%clk
0:24:18]} Re8 {[%clk 0:46:34]} 24. Rfe1 {[%clk 0:21:51]} Re6 {[%clk 0:42:52]} 25.
c5 {[%clk 0:18:18]} Rc8 {[%clk 0:42:10]} 26. b4 {[%clk 0:17:55]} Bb2 {[%clk
0:41:16]} 27. Rc4 {[%clk 0:11:30]} Rxd6 {[%clk 0:39:22]} 28. Rcxe4 {[%clk
0:09:48]} fxe4 {[%clk 0:36:25]} 29. cxd6 {[%clk 0:09:01]} Rd8 {[%clk 0:36:24]}
30. Rxe4 {[%clk 0:08:16]} Rxd6 {[%clk 0:36:45]} 31. Be2 {[%clk 0:07:04]} Rb6
{[%clk 0:35:06]} 32. a4 {[%clk 0:06:27]} Ba3 {[%clk 0:34:59]} 33. b5 {[%clk
0:06:25]} axb5 {[%clk 0:35:17]} 34. axb5 {[%clk 0:06:51]} Rf6 {[%clk 0:35:26]}
35. Re8+ {[%clk 0:06:22]} Kg7 {[%clk 0:35:50]} 36. Bf3 {[%clk 0:06:37]} Bc5+
{[%clk 0:35:18]} 37. Kf1 {[%clk 0:07:02]} g5 {[%clk 0:35:27]} 38. Re5 {[%clk
0:06:38]} Bd6 {[%clk 0:29:02]} 39. Rxg5+ {[%clk 0:06:52]} Rg6 {[%clk 0:29:27]}
40. Rh5 {[%clk 0:06:02]} Bc7 {[%clk 0:28:28]} 41. h3 {[%clk 0:06:15]} Re6 {[%clk
0:27:31]} 42. Rf5 {[%clk 0:05:35]} Bb6 {[%clk 0:25:26]} 43. Rh5 {[%clk 0:05:18]}
Kg6 {[%clk 0:25:10]} 44. Rd5 {[%clk 0:05:35]} h6 {[%clk 0:23:48]} 45. Bh5+ {[%clk
0:05:37]} Kg7 {[%clk 0:24:09]} 46. Bg4 {[%clk 0:05:53]} Re7 {[%clk 0:22:13]} 47.
Rd6 {[%clk 0:05:58]} Bc5 {[%clk 0:22:29]} 48. Rc6 {[%clk 0:06:15]} Bd4 {[%clk
0:22:48]} 49. Rc4 {[%clk 0:05:49]} Bb6 {[%clk 0:21:45]} 50. Bf3 {[%clk 0:05:33]}
Re6 {[%clk 0:20:05]} 51. Ra4 {[%clk 0:04:44]} Kf6 {[%clk 0:18:05]} 52. Bc6 {[%clk
0:04:52]} Ke5 {[%clk 0:16:44]} 53. Ra6 {[%clk 0:04:40]} Bc7 {[%clk 0:16:53]} 54.
Ke2 {[%clk 0:04:30]} Kd4+ {[%clk 0:17:05]} 55. Kf3 {[%clk 0:03:37]} Rf6+ {[%clk
0:16:11]} 56. Kg4 {[%clk 0:03:13]} Rf4+ {[%clk 0:15:39]} 57. Kh5 {[%clk 0:03:24]}
Ke5 {[%clk 0:10:33]} 58. Bf3 {[%clk 0:03:35]} Bd8 {[%clk 0:07:14]} 59. Kxh6
{[%clk 0:03:56]} Bf6 {[%clk 0:06:42]} 60. b6 {[%clk 0:03:47]} Rh4+ {[%clk
0:05:42]} 61. Bh5 {[%clk 0:04:13]} Rb4 {[%clk 0:05:23]} 62. Bxf7 {[%clk 0:04:03]}
Bd8 {[%clk 0:05:21]} 63. Ra5+ {[%clk 0:03:17]} Kf4 {[%clk 0:04:56]} 64. g4 {[%clk
0:02:32]} Rxb6+ {[%clk 0:05:06]} 65. Kh5 {[%clk 0:01:48]} Rb4 {[%clk 0:04:29]}
66. Rd5 {[%clk 0:01:36]} Be7 {[%clk 0:04:37]} 67. h4 {[%clk 0:01:33]} Rb1 {[%clk
0:04:08]} 68. g5 {[%clk 0:01:38]} Rb8 {[%clk 0:04:14]} 69. Rd4+ {[%clk 0:01:38]}
Kf5 {[%clk 0:04:03]} 70. Bg6+ {[%clk 0:01:54]} Ke5 {[%clk 0:03:58]} 71. Re4+
{[%clk 0:02:19]} Kd6 {[%clk 0:04:20]} 72. Bf5 {[%clk 0:02:35]} Rf8 {[%clk
0:04:18]} 73. Kg4 {[%clk 0:01:49]} Bd8 {[%clk 0:03:52]} 74. h5 {[%clk 0:01:45]}
Kd5 {[%clk 0:04:12]} 75. Re6 {[%clk 0:01:32]} Bc7 {[%clk 0:04:17]} 76. h6 {[%clk
0:01:42]} Rb8 {[%clk 0:04:33]} 77. Re7 {[%clk 0:01:40]} Bd6 {[%clk 0:04:37]} 78.
Rf7 {[%clk 0:01:23]} Ke5 {[%clk 0:04:53]} 79. Kh5 {[%clk 0:01:30]} Rb2 {[%clk
0:05:05]} 80. Kg6 {[%clk 0:01:31]} Rb6 {[%clk 0:05:22]} 81. Rf6 {[%clk 0:01:53]}
Rb2 {[%clk 0:05:13]} 82. Re6+ {[%clk 0:01:31]} Kd5 {[%clk 0:05:37]} 83. Kf6
{[%clk 0:01:45]} Rb8 {[%clk 0:05:43]} 84. Be4+ {[%clk 0:01:46]} Kc5 {[%clk
0:06:05]} 85. g6 {[%clk 0:01:37]} 1-0

[Event "U14 Polish Youth Championship"]
[Site "chess24.com"]
[Date "2018.05.01"]
[Round "4"]
[White "Oleksy, Krzysztof"]
[Black "Bachor, Tomasz"]
[Result "1/2-1/2"]
[Board "13"]
[WhiteElo "1746"]
[WhiteCountry "POL"]
[WhiteFideId "1194879"]
[WhiteEloChange "5"]
[BlackElo "1953"]
[BlackCountry "POL"]
[BlackFideId "21814694"]
[BlackEloChange "-5"]

1. d4 {[%clk 1:30:56]} Nf6 {[%clk 1:30:37]} 2. c4 {[%clk 1:31:23]} g6 {[%clk
1:30:55]} 3. Nc3 {[%clk 1:31:48]} Bg7 {[%clk 1:30:51]} 4. e4 {[%clk 1:32:13]} d6
{[%clk 1:31:15]} 5. Be2 {[%clk 1:32:40]} O-O {[%clk 1:31:12]} 6. Be3 {[%clk
1:32:35]} Nbd7 {[%clk 1:27:26]} 7. g4 {[%clk 1:28:40]} e5 {[%clk 1:19:49]} 8. d5
{[%clk 1:28:49]} Nc5 {[%clk 1:08:46]} 9. f3 {[%clk 1:29:02]} a5 {[%clk 1:03:54]}
10. h4 {[%clk 1:27:59]} Ne8 {[%clk 0:51:13]} 11. h5 {[%clk 1:21:54]} f5 {[%clk
0:39:50]} 12. hxg6 {[%clk 1:17:19]} hxg6 {[%clk 0:38:41]} 13. gxf5 {[%clk
1:16:05]} gxf5 {[%clk 0:38:52]} 14. Qd2 {[%clk 1:13:56]} f4 {[%clk 0:36:47]} 15.
Bxc5 {[%clk 1:09:06]} dxc5 {[%clk 0:37:02]} 16. O-O-O {[%clk 1:09:13]} Rf6 {[%clk
0:33:33]} 17. Nh3 {[%clk 1:05:44]} Bd7 {[%clk 0:29:33]} 18. Rdg1 {[%clk 1:03:45]}
Raa6 {[%clk 0:28:05]} 19. Nf2 {[%clk 0:57:37]} Rh6 {[%clk 0:26:19]} 20. Qe1
{[%clk 0:53:07]} Rag6 {[%clk 0:26:06]} 21. Rxh6 {[%clk 0:44:09]} Rxh6 {[%clk
0:26:29]} 22. Ng4 {[%clk 0:44:08]} Bxg4 {[%clk 0:25:07]} 23. Rxg4 {[%clk
0:43:23]} Nf6 {[%clk 0:25:29]} 24. Rg2 {[%clk 0:41:51]} Nh5 {[%clk 0:24:50]} 25.
Qf2 {[%clk 0:37:34]} b6 {[%clk 0:23:00]} 26. Rh2 {[%clk 0:33:08]} Kh7 {[%clk
0:17:14]} 27. Bf1 {[%clk 0:29:59]} Ng3 {[%clk 0:13:36]} 28. Rxh6+ {[%clk
0:29:18]} Bxh6 {[%clk 0:13:58]} 29. Bh3 {[%clk 0:27:56]} Qh4 {[%clk 0:13:43]} 30.
Qg2 {[%clk 0:26:30]} Bf8 {[%clk 0:13:02]} 1/2-1/2

[Event "U14 Polish Youth Championship"]
[Site "chess24.com"]
[Date "2018.05.01"]
[Round "4"]
[White "Panek, Bartosz"]
[Black "Grzesik, Gracjan"]
[Result "1/2-1/2"]
[Board "14"]
[WhiteElo "1688"]
[WhiteCountry "POL"]
[WhiteFideId "1198220"]
[WhiteEloChange "5"]
[BlackElo "1884"]
[BlackCountry "POL"]
[BlackFideId "1194593"]
[BlackEloChange "-5"]

1. d4 {[%clk 1:30:56]} d5 {[%clk 1:30:40]} 2. c4 {[%clk 1:31:18]} e6 {[%clk
1:31:05]} 3. Nc3 {[%clk 1:31:44]} Nf6 {[%clk 1:30:59]} 4. cxd5 {[%clk 1:32:03]}
exd5 {[%clk 1:30:49]} 5. Bg5 {[%clk 1:32:23]} Be7 {[%clk 1:30:14]} 6. e3 {[%clk
1:32:39]} O-O {[%clk 1:28:20]} 7. Bd3 {[%clk 1:32:59]} Nbd7 {[%clk 1:28:20]} 8.
Qc2 {[%clk 1:33:20]} Re8 {[%clk 1:26:01]} 9. Nf3 {[%clk 1:33:27]} h6 {[%clk
1:24:14]} 10. Bh4 {[%clk 1:29:53]} c6 {[%clk 1:21:06]} 11. h3 {[%clk 1:30:13]} b6
{[%clk 1:16:45]} 12. O-O {[%clk 1:28:11]} Bb7 {[%clk 1:16:02]} 13. Rac1 {[%clk
1:28:26]} c5 {[%clk 1:03:38]} 14. Rfe1 {[%clk 1:20:06]} a6 {[%clk 0:57:42]} 15.
Bg3 {[%clk 1:00:56]} c4 {[%clk 0:53:26]} 16. Bf5 {[%clk 0:56:48]} Nf8 {[%clk
0:50:23]} 17. Qe2 {[%clk 0:54:17]} b5 {[%clk 0:48:03]} 18. a3 {[%clk 0:54:12]}
Qb6 {[%clk 0:45:54]} 19. Ne5 {[%clk 0:54:14]} g6 {[%clk 0:43:47]} 20. Bb1 {[%clk
0:54:05]} N8d7 {[%clk 0:38:40]} 21. f4 {[%clk 0:50:43]} Nxe5 {[%clk 0:36:36]} 22.
fxe5 {[%clk 0:51:04]} Nh5 {[%clk 0:36:32]} 23. Bh2 {[%clk 0:50:43]} Rad8 {[%clk
0:34:24]} 24. Rf1 {[%clk 0:50:47]} Bc8 {[%clk 0:31:14]} 25. g4 {[%clk 0:48:42]}
Ng7 {[%clk 0:29:09]} 26. Bf4 {[%clk 0:48:49]} Kh7 {[%clk 0:25:59]} 27. h4 {[%clk
0:47:32]} Rf8 {[%clk 0:23:53]} 28. h5 {[%clk 0:45:50]} Qe6 {[%clk 0:16:03]} 29.
Bg3 {[%clk 0:16:08]} Qxg4 {[%clk 0:13:28]} 30. Qxg4 {[%clk 0:16:31]} Bxg4 {[%clk
0:13:55]} 31. hxg6+ {[%clk 0:16:55]} fxg6 {[%clk 0:14:17]} 32. Rxf8 {[%clk
0:17:21]} Bxf8 {[%clk 0:13:46]} 33. Bh4 {[%clk 0:15:44]} Rd7 {[%clk 0:13:06]} 34.
Bf6 {[%clk 0:16:03]} h5 {[%clk 0:09:28]} 35. Rf1 {[%clk 0:13:14]} Ne6 {[%clk
0:09:28]} 36. Kg2 {[%clk 0:09:40]} Bh6 {[%clk 0:07:31]} 37. Re1 {[%clk 0:06:27]}
1/2-1/2

[Event "U14 Polish Youth Championship"]
[Site "chess24.com"]
[Date "2018.05.01"]
[Round "4"]
[White "Haliniak, Wojciech"]
[Black "Gorkiewicz, Mateusz"]
[Result "0-1"]
[Board "15"]
[WhiteElo "1614"]
[WhiteCountry "POL"]
[WhiteFideId "21838461"]
[WhiteEloChange "-4"]
[BlackElo "1854"]
[BlackCountry "POL"]
[BlackFideId "21807299"]
[BlackEloChange "4"]

1. e4 {[%clk 1:30:57]} e5 {[%clk 1:30:54]} 2. Nf3 {[%clk 1:31:22]} Nc6 {[%clk
1:31:19]} 3. Bb5 {[%clk 1:31:45]} a6 {[%clk 1:31:41]} 4. Ba4 {[%clk 1:32:13]} Nf6
{[%clk 1:32:00]} 5. O-O {[%clk 1:32:35]} b5 {[%clk 1:32:22]} 6. Bb3 {[%clk
1:33:03]} Be7 {[%clk 1:32:43]} 7. Re1 {[%clk 1:33:08]} d6 {[%clk 1:32:48]} 8. c3
{[%clk 1:33:25]} O-O {[%clk 1:33:08]} 9. h3 {[%clk 1:33:22]} Na5 {[%clk 1:33:29]}
10. Bc2 {[%clk 1:33:50]} c5 {[%clk 1:33:49]} 11. d4 {[%clk 1:34:09]} Nd7 {[%clk
1:34:12]} 12. Nbd2 {[%clk 1:31:05]} exd4 {[%clk 1:33:59]} 13. cxd4 {[%clk
1:31:07]} Nc6 {[%clk 1:34:19]} 14. Nf1 {[%clk 1:30:32]} cxd4 {[%clk 1:34:18]} 15.
Nxd4 {[%clk 1:29:16]} Nxd4 {[%clk 1:34:35]} 16. Qxd4 {[%clk 1:29:42]} Ne5 {[%clk
1:34:54]} 17. f4 {[%clk 1:13:18]} Nc6 {[%clk 1:35:05]} 18. Qd1 {[%clk 1:07:11]}
Bb7 {[%clk 1:22:29]} 19. Ne3 {[%clk 1:04:25]} Nb4 {[%clk 1:18:44]} 20. Bb1 {[%clk
1:04:27]} Rc8 {[%clk 1:12:39]} 21. a3 {[%clk 0:50:27]} Nc6 {[%clk 1:12:53]} 22.
Nd5 {[%clk 0:42:18]} Bh4 {[%clk 1:03:32]} 23. Re2 {[%clk 0:35:19]} Ne7 {[%clk
1:00:47]} 24. Ba2 {[%clk 0:34:22]} Nxd5 {[%clk 0:51:21]} 25. Bxd5 {[%clk
0:34:10]} Bc6 {[%clk 0:47:11]} 26. Be3 {[%clk 0:31:17]} Qe7 {[%clk 0:45:23]} 27.
Qd3 {[%clk 0:20:26]} Rfe8 {[%clk 0:39:36]} 28. Bb6 {[%clk 0:15:48]} Qb7 {[%clk
0:35:20]} 29. Be3 {[%clk 0:15:55]} Bxd5 {[%clk 0:30:59]} 30. exd5 {[%clk
0:13:47]} Rc4 {[%clk 0:23:32]} 31. Bd4 {[%clk 0:09:23]} Qd7 {[%clk 0:18:14]} 32.
Rxe8+ {[%clk 0:08:07]} Qxe8 {[%clk 0:18:36]} 33. g3 {[%clk 0:07:54]} Bd8 {[%clk
0:14:05]} 34. Kf2 {[%clk 0:06:51]} Qd7 {[%clk 0:10:07]} 35. Re1 {[%clk 0:06:20]}
Be7 {[%clk 0:09:46]} 36. Kg2 {[%clk 0:04:37]} Bf8 {[%clk 0:09:34]} 37. Bc3 {[%clk
0:04:07]} Qc8 {[%clk 0:09:15]} 38. Qe3 {[%clk 0:02:55]} Qf5 {[%clk 0:07:49]} 39.
Qf3 {[%clk 0:02:05]} Rc5 {[%clk 0:07:26]} 40. Rd1 {[%clk 0:02:15]} h6 {[%clk
0:06:09]} 41. g4 {[%clk 0:01:59]} Qc8 {[%clk 0:05:41]} 42. Qe4 {[%clk 0:01:51]}
Rc4 {[%clk 0:05:59]} 43. Rd4 {[%clk 0:01:53]} Rc7 {[%clk 0:06:09]} 44. Qd3 {[%clk
0:01:52]} Qb7 {[%clk 0:06:12]} 45. Kg3 {[%clk 0:01:51]} Be7 {[%clk 0:05:41]} 46.
Qe4 {[%clk 0:01:19]} Bf6 {[%clk 0:04:33]} 47. Rd3 {[%clk 0:01:37]} Bxc3 {[%clk
0:04:45]} 48. bxc3 {[%clk 0:01:27]} Re7 {[%clk 0:04:49]} 49. Qf3 {[%clk 0:01:20]}
Qa7 {[%clk 0:05:10]} 50. Rd4 {[%clk 0:01:22]} Qc5 {[%clk 0:05:33]} 51. Re4 {[%clk
0:01:12]} Qg1+ {[%clk 0:04:15]} 52. Kh4 {[%clk 0:01:34]} Rxe4 {[%clk 0:04:32]}
53. Qxe4 {[%clk 0:01:44]} Qf2+ {[%clk 0:04:53]} 54. Kh5 {[%clk 0:02:08]} g6+
{[%clk 0:05:10]} 55. Kxh6 {[%clk 0:02:29]} Qh4# {[%clk 0:05:34]} 0-1

[Event "U14 Polish Youth Championship"]
[Site "chess24.com"]
[Date "2018.05.01"]
[Round "4"]
[White "Bartoszewski-Reiski, Olaf"]
[Black "Luberanski, Jakub"]
[Result "1-0"]
[Board "16"]
[WhiteElo "1668"]
[WhiteCountry "POL"]
[WhiteFideId "21819351"]
[WhiteEloChange "15"]
[BlackElo "1880"]
[BlackCountry "POL"]
[BlackFideId "21830509"]
[BlackEloChange "-15"]

1. e4 {[%clk 1:30:56]} c5 {[%clk 1:30:58]} 2. Nf3 {[%clk 1:31:16]} e6 {[%clk
1:31:25]} 3. d4 {[%clk 1:31:37]} cxd4 {[%clk 1:31:51]} 4. Nxd4 {[%clk 1:31:59]}
Nf6 {[%clk 1:32:17]} 5. Nc3 {[%clk 1:31:54]} d6 {[%clk 1:32:43]} 6. Bd3 {[%clk
1:29:05]} Be7 {[%clk 1:32:56]} 7. Qe2 {[%clk 1:27:44]} a6 {[%clk 1:31:31]} 8. Bd2
{[%clk 1:25:29]} Nbd7 {[%clk 1:21:27]} 9. O-O {[%clk 1:23:54]} O-O {[%clk
1:21:27]} 10. Kh1 {[%clk 1:24:15]} Qb6 {[%clk 1:19:50]} 11. Nb3 {[%clk 1:20:56]}
Qc7 {[%clk 1:19:27]} 12. f4 {[%clk 1:20:57]} b6 {[%clk 1:08:57]} 13. Rae1 {[%clk
1:20:42]} e5 {[%clk 1:00:50]} 14. g4 {[%clk 1:16:30]} Nc5 {[%clk 0:50:41]} 15. g5
{[%clk 1:11:13]} Nfd7 {[%clk 0:50:46]} 16. f5 {[%clk 1:10:11]} Bb7 {[%clk
0:43:25]} 17. f6 {[%clk 1:05:27]} Bd8 {[%clk 0:35:09]} 18. Qh5 {[%clk 1:02:33]}
Ne6 {[%clk 0:22:00]} 19. Nd5 {[%clk 0:59:18]} Qc8 {[%clk 0:21:48]} 20. Ne7+
{[%clk 0:59:20]} Bxe7 {[%clk 0:21:49]} 21. fxe7 {[%clk 0:59:38]} Re8 {[%clk
0:22:05]} 22. Qxf7+ {[%clk 0:59:56]} Kh8 {[%clk 0:22:33]} 23. Qxe6 {[%clk
0:59:53]} Qc7 {[%clk 0:20:38]} 24. g6 {[%clk 0:58:01]} h6 {[%clk 0:21:00]} 25.
Bxh6 {[%clk 0:57:51]} Nc5 {[%clk 0:20:43]} 26. Bxg7+ {[%clk 0:56:58]} Kxg7 {[%clk
0:21:10]} 27. Qf7+ {[%clk 0:57:20]} Kh6 {[%clk 0:21:36]} 28. Qh7+ {[%clk
0:57:41]} Kg5 {[%clk 0:21:59]} 29. Rf5+ {[%clk 0:58:06]} 1-0